Click the Adele Song Title Ending - Statistics

General Stats
  • This quiz has been taken 724 times
  • The average score is 18 of 20
Answer Stats
Hint Answer % Correct
Water Under The Bridge
96%
Someone Like You
96%
Rolling In The Deep
95%
Cry Your Heart Out
95%
I Drink Wine
95%
When We Were Young
95%
Love In The Dark
94%
Easy On Me
94%
Set Fire To The Rain
94%
Oh My God
93%
Send My Love
93%
Can't Let Go
92%
Hold On
92%
Rumour Has It
91%
All I Ask
90%
Turning Tables
89%
Hometown Glory
85%
To Be Loved
85%
Chasing Pavements
83%
Don't You Remember
79%
No matching quizzes found
Score Distribution
Percent of People with Each Score
Percentile by Number Answered
Your Score History
You have not taken this quiz